Východiská a možnosti optimalizácie organizačnej štruktúry

Adekvátna a pružne reagujúca organizačná štruktúra ako predpoklad výkonnosti organizácie. Prístupy k projektovaniu novej organizačnej štruktúry. Určenie dominantných kritérií potrebnosti zmeny štruktúry. Určenie silných a slabých stránok existujúcej štruktúry. Slabé a slabé stránky fungovania existu...

Ausführliche Beschreibung

Gespeichert in:
Bibliographische Detailangaben
1. Verfasser: Lubelec, Libor
Format: Buchkapitel
Sprache:Slowakisch
Schlagworte:
Tags: Tag hinzufügen
Keine Tags, Fügen Sie das erste Tag hinzu!

MARC

LEADER 00000naa a2200000 4500
001 r035196
005 20231002080601.4
041 0 |a slo 
044 |a SK 
245 1 0 |a Východiská a možnosti optimalizácie organizačnej štruktúry  |c Libor Lubelec 
520 |a Adekvátna a pružne reagujúca organizačná štruktúra ako predpoklad výkonnosti organizácie. Prístupy k projektovaniu novej organizačnej štruktúry. Určenie dominantných kritérií potrebnosti zmeny štruktúry. Určenie silných a slabých stránok existujúcej štruktúry. Slabé a slabé stránky fungovania existujúcich strmých štruktúr. Parametre tvorby adekvátnej organizačnej štruktúry. Spôsoby zlepšovania funkčnosti organizačnej štruktúry. Štruktúrne nástroje zlepšovania organizačnej štruktúry. 
610 2 0 |a štruktúra organizačná 
610 2 0 |a optimalizácia 
610 2 0 |a zmeny organizačné 
610 2 0 |a reorganizácia 
610 2 0 |a štruktúra podniku organizačná 
610 2 0 |a projektovanie 
100 1 |a Lubelec, Libor